HOK Sport (formerly Lobb Partnership Ltd) and Aintree Racecourse Co Ltd (Record no. 73559)
[ view plain ]
| 000 -LEADER | |
|---|---|
| fixed length control field | 01558cam a2200193 4500 |
| 001 - CONTROL NUMBER | |
| control field | X123854 |
| 008 - FIXED-LENGTH DATA ELEMENTS--GENERAL INFORMATION | |
| fixed length control field | 031006n2003 000 0 eng u |
| 035 ## - SYSTEM CONTROL NUMBER | |
| System control number | (Sirsi) u123854 |
| 245 ## - TITLE STATEMENT | |
| Title | HOK Sport (formerly Lobb Partnership Ltd) and Aintree Racecourse Co Ltd |
| 260 ## - PUBLICATION, DISTRIBUTION, ETC. | |
| Date of publication, distribution, etc. | 2003 |
| 490 ## - SERIES STATEMENT | |
| Series statement | Construction Law Reports |
| Volume/sequential designation | [2003] 86 Con LR 165-196(32) |
| 520 ## - SUMMARY, ETC. | |
| Summary, etc. | [2003] EWHC 3094 (TCC), 12 November 2002. Application by appellant (L) for leave to appeal on a question of law arising out of an arbitrator's award pursuant to the Arbitration Act 1996 s69(2)(b). After considering application L was granted leave to appeal on the question of what basis should quantum of damages recoverable by A as a consequence of H's breaches of its duty to warn A be determined? HC held that the arbitrator should have applied "South Australia Asset Management Co v York Montague Ltd" [1997] AC 191. test in determining basis for liability. It was essential to identify the correct description of the kind of loss for which A was entitled to compensation and this was closely related to the precise scope and purpose of the duty owed to the A by H. H's duty was to provide information and not advice. Arbitrator's award amended on appeal, outlines revised basis for determining quantum of damages. |
| 650 ## - SUBJECT ADDED ENTRY--TOPICAL TERM | |
| Topical term or geographic name entry element | HOK SPORT (FORMERLY LOBB PARTNERSHIP LTD V AINTREE RACECOURSE |
| 650 ## - SUBJECT ADDED ENTRY--TOPICAL TERM | |
| Topical term or geographic name entry element | DAMAGES |
| 650 ## - SUBJECT ADDED ENTRY--TOPICAL TERM | |
| Topical term or geographic name entry element | DUTY OF CARE |
| 650 ## - SUBJECT ADDED ENTRY--TOPICAL TERM | |
| Topical term or geographic name entry element | ARCHITECTS |
| 690 ## - LOCAL SUBJECT ADDED ENTRY--TOPICAL TERM (OCLC, RLIN) | |
| Topical term or geographic name as entry element | MANGEMENT-DISPUTE AVOIDANCE, MANAGEMENT AND RESOLUTION-DISPUTE MANAGEMENT AND RESOLUTION |
| 942 ## - ADDED ENTRY ELEMENTS (KOHA) | |
| Suppress in OPAC | 0 |
| Withdrawn status | Lost status | Source of classification or shelving scheme | Damaged status | Not for loan | Home library | Current library | Shelving location | Date acquired | Total Checkouts | Full call number | Barcode | Date last seen | Copy number | Price effective from | Koha item type |
|---|---|---|---|---|---|---|---|---|---|---|---|---|---|---|---|
| Dewey Decimal Classification | London | London | Journal article | 06/10/2003 | X123854 | 123854-1001 | 06/08/2019 | 1 | 06/08/2019 | Law report |